The year names of China and Japan (Record no. 6498)

MARC details
000 -CABECERA
campo de control de longitud fija 00727nam a2200253 a 4500
001 - NÚMERO DE CONTROL
campo de control BRCA_6815
005 - FECHA Y HORA DE LA ÚLTIMA TRANSACCIÓN
campo de control 20190320205613.0
008 - DATOS DE LONGITUD FIJA--INFORMACIÓN GENERAL
campo de control de longitud fija 041111s1931----u--#######---#000-0#eng-#
041 ## - CÓDIGO DE LENGUA
Código de lengua del texto/banda sonora o título independiente eng
044 ## - CÓDIGO DEL PAÍS DE LA ENTIDAD EDITORA/PRODUCTORA
Código MARC del país u
050 #4 - SIGNATURA TOPOGRÁFICA DE LA BIBLIOTECA DEL CONGRESO
Número de clasificación CE37
Número de documento/Ítem .S88 c1931
100 1# - ENTRADA PRINCIPAL--NOMBRE DE PERSONA
Nombre de persona Suski, P. M.
Forma completa/desarrollada del nombre (Peter Marie)
9 (RLIN) 16995
245 10 - MENCIÓN DE TÍTULO
Título The year names of China and Japan
Mención de responsabilidad, etc. compliled by P.M. Suski.
260 ## - PUBLICACIÓN, DISTRIBUCIÓN, ETC.
Lugar de publicación, distribución, etc. Los Ángeles
Nombre del editor, distribuidor, etc. Science Society
Fecha de publicación, distribución, etc. c1931
300 ## - DESCRIPCIÓN FÍSICA
Extensión 40 p.
Dimensiones 20 cm.
500 ## - NOTA GENERAL
Nota general Estado físico: cubiertas y algunas páginas se están desprendiendo
500 ## - NOTA GENERAL
Nota general O2
650 14 - PUNTO DE ACCESO ADICIONAL DE MATERIA--TÉRMINO DE MATERIA
Término de materia o nombre geográfico como elemento de entrada Calendario chino
9 (RLIN) 16996
650 14 - PUNTO DE ACCESO ADICIONAL DE MATERIA--TÉRMINO DE MATERIA
Término de materia o nombre geográfico como elemento de entrada Calendario japonés
9 (RLIN) 16997
651 #4 - PUNTO DE ACCESO ADICIONAL DE MATERIA--NOMBRE GEOGRÁFICO
Nombre geográfico China
9 (RLIN) 16998
651 #4 - PUNTO DE ACCESO ADICIONAL DE MATERIA--NOMBRE GEOGRÁFICO
Nombre geográfico Japón
9 (RLIN) 16999
902 ## - CATALOGADOR
Iniciales GFM
942 ## - ELEMENTOS DE PUNTO DE ACCESO ADICIONAL (KOHA)
Fuente del sistema de clasificación o colocación Library of Congress Classification
Tipo de ítem Koha Libros
Holdings
Estado de retiro Estado de pérdida Estado dañado No para préstamo Localización permanente Ubicación/localización actual Fecha de adquisición Número de inventario Total de préstamos Signatura topográfica completa Código de barras Fecha visto por última vez Precio válido a partir de Tipo de ítem Koha
El ejemplar forma parte de la colección y puede ser consultado según las políticas vigentes.       Biblioteca del Museo Franz Mayer (Rogerio Casas-Alatriste) Biblioteca del Museo Franz Mayer (Rogerio Casas-Alatriste) 04/11/2011 O2   CE37 .S88 c1931 (O2) 7263 22/03/2019 22/03/2019 Libros